Argumentation : (Record no. 25935)

MARC details
000 -LEADER
fixed length control field 00920cam a2200277 a 4500
001 - CONTROL NUMBER
control field 2578246
003 - CONTROL NUMBER IDENTIFIER
control field OSt
005 - DATE AND TIME OF LATEST TRANSACTION
control field 20220104104135.0
008 - FIXED-LENGTH DATA ELEMENTS--GENERAL INFORMATION
fixed length control field 960611s1997 maua b 001 0 eng
010 ## - LIBRARY OF CONGRESS CONTROL NUMBER
LC control number 96009471
020 ## - INTERNATIONAL STANDARD BOOK NUMBER
International Standard Book Number 0130887749
040 ## - CATALOGING SOURCE
Original cataloging agency DLC
Transcribing agency HU
Modifying agency DLC
050 00 - LIBRARY OF CONGRESS CALL NUMBER
Classification number PN4181
Item number .Z5 1997
082 00 - DEWEY DECIMAL CLASSIFICATION NUMBER
Classification number 808.53
Edition number 20
100 1# - MAIN ENTRY--PERSONAL NAME
Personal name Ziegelmueller, George W.,
Dates associated with a name 1930-
9 (RLIN) 27042
245 10 - TITLE STATEMENT
Title Argumentation :
Remainder of title inquiry and advocacy /
Statement of responsibility, etc. George W. Ziegelmueller, Jack Kay.
250 ## - EDITION STATEMENT
Edition statement 3rd ed.
260 ## - PUBLICATION, DISTRIBUTION, ETC.
Place of publication, distribution, etc. Boston :
Name of publisher, distributor, etc. Allyn and Bacon,
Date of publication, distribution, etc. c1997.
300 ## - PHYSICAL DESCRIPTION
Extent viii, 360 p. :
Other physical details ill. ;
Dimensions 24 cm.
504 ## - BIBLIOGRAPHY, ETC. NOTE
Bibliography, etc. note Includes bibliographical references and index.
650 #0 - SUBJECT ADDED ENTRY--TOPICAL TERM
Topical term or geographic name entry element Debates and debating.
9 (RLIN) 27043
700 1# - ADDED ENTRY--PERSONAL NAME
Personal name Kay, Jack.
9 (RLIN) 27044
906 ## - LOCAL DATA ELEMENT F, LDF (RLIN)
a 7
b cbc
c orignew
d 1
e ocip
f 19
g y-gencatlg
942 ## - ADDED ENTRY ELEMENTS (KOHA)
Source of classification or shelving scheme Dewey Decimal Classification
Koha item type Books like text book referance book
Suppress in OPAC No
Holdings
Withdrawn status Lost status Source of classification or shelving scheme Damaged status Not for loan Home library Current library Shelving location Date acquired Total Checkouts Full call number Barcode Date last seen Copy number Price effective from Koha item type
    Dewey Decimal Classification     Social Library Social Library General Stacks 01/04/2022   808,53/ZIE SHLIB 00011300 01/04/2022 C1 01/04/2022 Books like text book referance book